000 01773nam a22002777a 4500
999 _c22007
_d22007
003 AR-CdUCM
008 190425b ||||| |||| 00| 0 spa d
040 _aMUNICIPALIDAD PROVINCIAL DEL CUSCO
_cBIBLIOTECA MUNICIPAL DEL CUSCO
082 _aAndinidad/N°3/2002
110 _aInstituto Nacional de Cultura Cusco
_99277
245 _aAndinidad etnofolklore /
_cInstituto Nacional de Cultura Cusco, Dirección de Producción para el Desarrollo Cultural
260 _aCusco.
_bMercantil,
_c2002.
300 _a159 páginas. :
_c20 cm.
440 _aAndinidad Etnofolklore
_nN°3, 2002
_947133
505 _aContenido: Un Apu aculturado. Jesús Washington Rozas Álvarez. -- Las deidades andinas en las festividades católicas. Señor de Choqekillka de Ollantaytambo. Juan de Dios Yábar Pacheco. -- Una devoción Tres Fiestas. Eldi Zulema Flores Najar. -- El Qákcha de Carnaval en Sicuani. Juan Tuero Villa. -- Rituales ganaderos en Ñawin puqyu. Héctor Espinoza Martínez. -- Iskaychakuy matrimonio en comunidades andinas. Ricardo Valderrama Fernández. -- Docencia y patrimonio un matrimonio perfecto. Luis Massa. -- Juego y educación. Luis Negrón Alonso. -- Gastronomía cusqueña chiriuchu. José Canal Carhuarupay. -- Poblaciones indígenas en Madre de Dios. Rubén Maqque Azorsa. -- Algunas reflexiones sobre el lenguaje. Arminda Gibaja Oviedo.
650 _aCultura andina
_947134
650 _aFolklore
_947135
650 _aCostumbres y tradiciones
_916130
650 _aReligiosidad andina
_944127
700 _aRozas Álvarez, Washington
_947131
700 _aEspinoza Martínez, Héctor
_947132
700 _aTuero Villa, Juan
_99559
856 _uhttp://bvirtual.culturacusco.gob.pe/items/show/122
_zLeer en digital
942 _2ddc
_cPP
945 _arac